<?xml version="1.0" encoding="UTF-8"?>
<record
    xmlns:xsi="http://www.w3.org/2001/XMLSchema-instance"
    xsi:schemaLocation="http://www.loc.gov/MARC21/slim http://www.loc.gov/standards/marcxml/schema/MARC21slim.xsd"
    xmlns="http://www.loc.gov/MARC21/slim">

  <leader>00450nam a22001570  4500</leader>
  <controlfield tag="003">PILC</controlfield>
  <controlfield tag="005">20150318091412.0</controlfield>
  <controlfield tag="008">970404                                  </controlfield>
  <datafield tag="050" ind1=" " ind2=" ">
    <subfield code="a">PT 605</subfield>
    <subfield code="b">.H463Pr 1957</subfield>
  </datafield>
  <datafield tag="100" ind1="1" ind2=" ">
    <subfield code="a">Hesse, Hermann.</subfield>
  </datafield>
  <datafield tag="245" ind1="1" ind2="4">
    <subfield code="a">The Prodigy /</subfield>
    <subfield code="c">Translated by W.J. Strachan.</subfield>
  </datafield>
  <datafield tag="260" ind1=" " ind2=" ">
    <subfield code="a">London :</subfield>
    <subfield code="b">Peter Owen,</subfield>
    <subfield code="c">[c1957].</subfield>
  </datafield>
  <datafield tag="300" ind1=" " ind2=" ">
    <subfield code="a">188 pages :</subfield>
    <subfield code="c">18 cm.</subfield>
  </datafield>
  <datafield tag="500" ind1=" " ind2=" ">
    <subfield code="a">"Transslated from the German Unterm Rad"</subfield>
  </datafield>
  <datafield tag="942" ind1=" " ind2=" ">
    <subfield code="2">lcc</subfield>
    <subfield code="c">BK</subfield>
  </datafield>
  <datafield tag="999" ind1=" " ind2=" ">
    <subfield code="c">283770</subfield>
    <subfield code="d">283770</subfield>
  </datafield>
  <datafield tag="952" ind1=" " ind2=" ">
    <subfield code="0">0</subfield>
    <subfield code="1">0</subfield>
    <subfield code="2">lcc</subfield>
    <subfield code="4">0</subfield>
    <subfield code="a">SFU</subfield>
    <subfield code="b">SFU</subfield>
    <subfield code="c">SFU</subfield>
    <subfield code="d">2015-03-18</subfield>
    <subfield code="e">Library Fund</subfield>
    <subfield code="k">SFU</subfield>
    <subfield code="l">0</subfield>
    <subfield code="o">PT 605 .H463Pr 1957</subfield>
    <subfield code="p">SFU1817</subfield>
    <subfield code="r">2018-05-15 00:00:00</subfield>
    <subfield code="w">2015-03-18</subfield>
    <subfield code="y">BK</subfield>
  </datafield>
</record>
